LIBRARY & INFORMATION CENTRE, KCAET, TAVANUR

ONLINE PUBLIC ACCESS CATALOGUE (OPAC)

Microbiology (Record no. 13911)

MARC details
000 -LEADER
fixed length control field 00239nam a22001097a 4500
020 ## - INTERNATIONAL STANDARD BOOK NUMBER
ISBN 9789327224542
082 ## - DEWEY DECIMAL CLASSIFICATION NUMBER
Classification number 576
Item number SIN/MI
100 ## - MAIN ENTRY--AUTHOR NAME
Personal name Singh, R.P
245 ## - TITLE STATEMENT
Title Microbiology
260 ## - PUBLICATION, DISTRIBUTION, ETC. (IMPRINT)
Place of publication Ludhiana
Name of publisher Kalyani Publishers
Year of publication 2004
942 ## - ADDED ENTRY ELEMENTS (KOHA)
Koha item type Books
Holdings
Withdrawn status Lost status Damaged status Collection code Home library Current library Shelving location Date acquired Source of acquisition Cost, normal purchase price Full call number Accession Number Koha item type
      Non-fiction KAUAET KAUAET General Stacks 30/03/2013 Minerva Books 375.00 576 SIN/MI 23798 Books
free website counter